Statistics for Eurovision won with more points than anyone before

Click here to take the quiz!

General Stats

  • This quiz has been taken 51 times
  • The average score is 12 of 13

Answer Stats

#Countries% Correct
2United Kingdom
98%
1Italy
98%
2Ireland
98%
1Finland
98%
1Norway
95%
1Portugal
95%
1France
93%
2Ukraine
93%
2Netherlands
91%
1Denmark
91%
1Belgium
89%
1Luxembourg
82%
1Monaco
80%

Score Distribution

Percentile by Number Answered

Percent of People with Each Score

Your Score History

You have not taken this quiz